000 00491nam a2200181Ia 4500
008 230714s9999 xx 000 0 und d
020 _a9790000000000
041 _aeng
082 _a005.74
_bWHI
100 _aWhite T.
_9175372
245 _aHadoop
_bThe Definitive Guide
250 _a4th ed.
260 _c2015
_bSPD/O'Reilly
300 _a727
_dRef 1556 C (50715)
365 _cRs.
_b700.00
700 _aWhite T.
_9175372
906 _dO:0450701-Jul-2015B:185318-Jun-2015
_cCOMP
_b5075
999 _c215153
_d215153